Biblioteka Instytutu Północnego w Olsztynie

Obudzić naród do wielkości : (Rekord nr 27498)

Szczegóły MARC
000 -Nagłówek
fixed length control field 02472cam a2200505 i 4500
001 - Nr kontrolny bibl., która utworzyła rek.
control field xx004608551
003 - Siglum bibl., której nr kontr. jest w 001
control field NUKAT
005 - Data i czas ostatniej operacji
control field 20260409122901.0
008 - Elementy pola stałej długości
fixed length control field 190508s2019 pl |000 s pol c
020 ## - ISBN
ISBN 9788380983830
dopowiedzenie (oprawa twarda) :
warunki dostępności zł 45,00
035 ## - Systemowy numer kontrolny
systemowy numer kontrolny (OCoLC)1103903949
035 ## - Systemowy numer kontrolny
systemowy numer kontrolny (NUKAT)xx004608551
040 ## - Instytucja sporządzająca opis
Instytucja, która sporządziła opis KAT U/AW
język katalgowania-trzyzn. kod pol
zasady opisu rda
Instytucja, która sporządziła rekord KAT U/AWs
Instytucja, która zmodyfikowała rekord KAT U/JP
-- WA U/EBA
-- WR O/GW
-- OLSZT 008/bak
045 2# - Okres czasu dla zawartości
czas między r. 9999 pne a nasz. czas. d2005
-- d2010
046 ## - Kod rodz. daty, data1, data2 (daty pne)
Begin/single date 2019
Single or starting date for aggregated content 2005
Ending date for aggregated content 2010
100 1# - Hasło główne-nazwa osobowa
Nazwa osobowa Kurtyka, Janusz
Daty biograficzne (1960-2010).
rodzaj współpracy Autor
9 (RLIN) 39755
245 10 - Tytuł właściwy i oznaczenie odpow.
tytuł Obudzić naród do wielkości :
dodatek do tytułu wystąpienia Janusza Kurtyki przed Parlamentem RP 2005-2010 /
dod. inf. ze s. tyt./ozn. odpow. wybór Cecylia Kuta, Jarosław Tęsiorowski ; wstęp i opracowanie Cecylia Kuta ; Instytut Pamięci Narodowej - Komisja Ścigania Zbrodni przeciwko Narodowi Polskiemu.
260 ## - Adres wydawniczy
miejsce wydania, dystrybucji itp. Warszawa :
nazwa wydawcy, dystrybutora itp. Instytut Pamięci Narodowej - Komisja Ścigania Zbrodni przeciwko Narodowi Polskiemu,
data wydania, dystrybucji itp. 2019.
300 ## - Opis fizyczny
objętość i/lub forma materiału 528 stron ;
format 24 cm.
336 ## - Content Type
Term Tekst
Code txt
Source rdacontent
337 ## - Media Type
Term Bez urządzenia pośredniczącego
Code n
Source rdamedia
338 ## - Carrier Type
Term Wolumin
Code nc
Source rdacarrier
380 ## - Form of work
Form of work Książki
380 ## - Form of work
Form of work Literatura faktu, eseje, publicystyka
386 ## - Creator/Contributor Characteristics
Demographic group term Przynależność kulturowa
Creator/contributor term Literatura polska
388 1# - TIME PERIOD OF CREATION
Time period of creation term 2001-
600 17 - Hasło przedmiotowe-nazwa osobowa
nazwa osobowa Kurtyka, Janusz
daty biograficzne (1960-2010)
źródło hasła DBN
9 (RLIN) 39756
600 17 - Hasło przedmiotowe-nazwa osobowa
nazwa osobowa Kurtyka, Janusz
daty biograficzne (1960-2010)
określnik rzeczowy myśl polityczna i społeczna.
źródło hasła kaba
9 (RLIN) 39757
610 27 - Hasło przedmiotowe-nazwa ciała zbior.
nazwa ciała zbior. lub geogr. Instytut Pamięci Narodowej
źródło hasła DBN
9 (RLIN) 39618
610 27 - Hasło przedmiotowe-nazwa ciała zbior.
nazwa ciała zbior. lub geogr. Sejm Rzeczypospolitej Polskiej (1989- )
źródło hasła DBN
9 (RLIN) 39758
610 27 - Hasło przedmiotowe-nazwa ciała zbior.
nazwa ciała zbior. lub geogr. Senat RP (2005-2007)
źródło hasła DBN
9 (RLIN) 39759
610 27 - Hasło przedmiotowe-nazwa ciała zbior.
nazwa ciała zbior. lub geogr. Senat RP (2007-2011)
źródło hasła DBN
9 (RLIN) 39760
610 27 - Hasło przedmiotowe-nazwa ciała zbior.
nazwa ciała zbior. lub geogr. Instytut Pamięci Narodowej - Komisja Ścigania Zbrodni przeciwko Narodowi Polskiemu.
źródło hasła kaba
9 (RLIN) 11792
610 17 - Hasło przedmiotowe-nazwa ciała zbior.
nazwa ciała zbior. lub geogr. Polska.
nazwa jednostki podrzędnej Senat Rzeczypospolitej Polskiej (1989- )
określnik formy sprawozdania z obrad.
źródło hasła kaba
9 (RLIN) 39761
648 #7 - SUBJECT ADDED ENTRY--CHRONOLOGICAL TERM
Chronological term 2001-
Source of heading or term DBN
9 (RLIN) 36393
650 #7 - Hasło przedmiotowe-nazwa pospolita
nazwa pospolita lub geogr. Polityka wewnętrzna
źródło hasła DBN
9 (RLIN) 35353
651 #7 - Hasło przedmiotowe-nazwa geogr.
nazwa geograficzna Polska
źródło hasła DBN
9 (RLIN) 35076
651 #7 - Hasło przedmiotowe-nazwa geogr.
nazwa geograficzna Polska
określnik rzeczowy polityka i rządy
określnik chronologiczny 1989-
określnik formy przemówienia parlamentarne.
źródło hasła kaba
9 (RLIN) 39762
655 #7 - Termin określający rodzaj/formę
rodzaj/forma Mowy parlamentarne
źródło terminu DBN
9 (RLIN) 39116
700 1# - Hasło dodatkowe - nazwa osobowa
nazwa osobowa Kuta, Cecylia
daty biograficzne (1974- ).
rodzaj współpracy Opracowanie
-- Wstęp
-- Wybór
9 (RLIN) 14919
700 1# - Hasło dodatkowe - nazwa osobowa
nazwa osobowa Tęsiorowski, Jarosław.
rodzaj współpracy Wybór
9 (RLIN) 39754
710 2# - Hasło dodatkowe - nazwa ciała zbior.
nazwa ciała zbior. lub nazwa geogr. Instytut Pamięci Narodowej - Komisja Ścigania Zbrodni przeciwko Narodowi Polskiemu.
rodzaj współpracy Instytucja sprawcza
-- Wydawca
kod rodzaju współpracy pbl
9 (RLIN) 11792
920 ## - ISBN
ISBN 978-83-8098-383-0 (oprawa twarda) : zł 45,00
942 ## - ADDED ENTRY ELEMENTS (KOHA)
Source of classification or shelving scheme Dewey Decimal Classification
Koha item type pozycje dostępne na miejscu
Egzemplarze
Status wycofania Status zagubienia Klasyfikacja Status uszkodzenia Blokada wypożyczeń Kolekcja Lokalizacja macierzysta Lokalizacja bieżąca Data nabycia Numer akcesji Źródło akcesji Cena Nr inwentarzowy il. wypożyczeń Sygnatura Kod kreskowy Date last seen Price effective from Typ egz.
    Dewey Decimal Classification nieuszkodzona   książka w magazynie Biblioteka Instytutu Północnego w Olsztynie Biblioteka Instytutu Północnego w Olsztynie 15/11/2019 D-38/2019 dar 45.00 59867   59867 IPWK21566 09/04/2026 09/04/2026 pozycje dostępne na miejscu
Biblioteka Instytutu Północnego, ul. Partyzantów 87, 10-402 Olsztyn, email: biblioteka(at)ip.olsztyn.pl